000 00471pab a2200181 454500
008 180718b2013 xxu||||| |||| 00| 0 eng d
100 _aMayur, Manas
245 _aDeterminants of going-public decision in an emerging market: Evidence from India
260 _c2013
300 _ap.65-86.
362 _aJan-Mar
650 _aFinancial markets - India
650 _aFinancial markets
700 _aManoj Kumar
773 _aVikalpa
908 _aN
909 _a99490
999 _c99489
_d99489